[Event "Valasska Bystrice op"]
[Site "Valasska Bystrice"]
[Date "2023.09.15"]
[Round "8"]
[White "Kominek, Martin"]
[Black "Cohen, Israel"]
[Result "1-0"]
[WhiteElo "1685"]
[BlackElo "1318"]
[PlyCount "65"]
[EventDate "2023.09.09"]
[EventType "swiss"]
[EventRounds "9"]
[EventCountry "CZE"]
[SourceTitle "EXT 2024"]
[Source "ChessBase"]
[SourceDate "2023.10.10"]
[SourceVersion "1"]
[SourceVersionDate "2023.10.10"]
[SourceQuality "1"]

1. e4 e6 2. d4 d5 3. exd5 exd5 4. Qf3 Nf6 5. h3 Be7 6. Bd3 0-0 7. Ne2 Re8 8. 0-0 c6 9. Nd2 b6 10. c3 Ba6 11. Bxa6 Nxa6 12. Re1 Nc7 13. Nf1 Ne6 14. Neg3 Qd7 15. Nf5 Bf8 16. N1e3 Ng5 17. Qf4 h6 18. Nxh6+ gxh6 19. Qxf6 Bg7 20. Qf4 Re4 21. Qg3 f5 22. Nc2 Rae8 23. Bxg5 hxg5 24. Rxe4 Rxe4 25. Qxg5 Re2 26. Ne3 Rxb2 27. Nxf5 Rc2 28. Re1 Rxa2 29. Re7 Qxe7 30. Qxe7 Bf8 31. Qe6+ Kh8 32. Qf7 Bh6 33. Nxh6 1-0

[Event "Valasska Bystrice op 13th"]
[Site "Valasska Bystrice"]
[Date "2022.09.16"]
[Round "8"]
[White "Zadrapa, Jakub"]
[Black "Kominek, Martin"]
[Result "1-0"]
[WhiteElo "1752"]
[BlackElo "1702"]
[PlyCount "59"]
[EventDate "2022.09.10"]
[EventType "swiss"]
[EventRounds "9"]
[EventCountry "CZE"]
[SourceTitle "CBM 210 Extra"]
[Source "ChessBase"]
[SourceDate "2022.11.30"]
[SourceVersion "1"]
[SourceVersionDate "2022.11.30"]
[SourceQuality "1"]

1. e4 d6 2. d4 Nf6 3. Nc3 g6 4. Be3 Bg7 5. Qd2 0-0 6. 0-0-0 c6 7. h4 h5 8. f3 b5 9. Nce2 a5 10. g4 hxg4 11. Ng3 Nh5 12. Nxh5 gxh5 13. Bh6 f6 14. Ne2 Rf7 15. Ng3 Qe8 16. Be3 Rf8 17. Be2 Qf7 18. Kb1 Be6 19. d5 cxd5 20. exd5 Bd7 21. fxg4 Bxg4 22. Bxg4 hxg4 23. Nf5 Qh5 24. Nxe7+ Kf7 25. Nc6 Nxc6 26. dxc6 Rac8 27. Qxd6 Rfd8 28. Qxd8 Rxd8 29. Rxd8 Qe5 30. Rhd1 1-0

[Event "Valasska Bystrice op 13th"]
[Site "Valasska Bystrice"]
[Date "2022.09.10"]
[Round "1"]
[White "Bares, Jachym"]
[Black "Kominek, Martin"]
[Result "1-0"]
[WhiteElo "2103"]
[BlackElo "1702"]
[PlyCount "61"]
[EventDate "2022.09.10"]
[EventType "swiss"]
[EventRounds "9"]
[EventCountry "CZE"]
[SourceTitle "CBM 210 Extra"]
[Source "ChessBase"]
[SourceDate "2022.11.30"]
[SourceVersion "1"]
[SourceVersionDate "2022.11.30"]
[SourceQuality "1"]

1. e4 d6 2. b3 Nf6 3. Nc3 e5 4. Bb2 b6 5. Bb5+ c6 6. Be2 Be7 7. Nf3 0-0 8. 0-0 Bb7 9. d4 Nbd7 10. Re1 exd4 11. Qxd4 c5 12. Qe3 Ne5 13. Rad1 Nfg4 14. Qf4 Nxf3+ 15. gxf3 Ne5 16. Nd5 Bg5 17. Qg3 Bh4 18. Qg2 Ng6 19. f4 f5 20. Bf3 Bxd5 21. Rxd5 Bf6 22. Bxf6 Rxf6 23. Qg3 Ne7 24. exf5 Nxf5 25. Qh3 Nd4 26. Be4 Rh6 27. Rh5 Rxh5 28. Qxh5 Rc8 29. Bxh7+ Kf8 30. Bg6 Qf6 31. Qh8# 1-0

[Event "CZE-ch Betsys Online Blitz"]
[Site "Chess.com INT"]
[Date "2021.04.17"]
[Round "4"]
[White "Nedoma, Marek"]
[Black "Kominek, Martin"]
[Result "1-0"]
[WhiteElo "1983"]
[BlackElo "1702"]
[PlyCount "127"]
[EventDate "2021.04.17"]
[EventType "swiss (blitz)"]
[EventRounds "13"]
[EventCountry "CZE"]
[SourceTitle "CBM 201 Extra"]
[Source "ChessBase"]
[SourceDate "2021.05.31"]
[SourceVersion "1"]
[SourceVersionDate "2021.05.31"]
[SourceQuality "1"]

1. d4 d6 2. Nf3 g6 3. g3 Nf6 4. Bg2 Bg7 5. 0-0 0-0 6. Re1 d5 7. Bf4 c6 8. Qc1 Bg4 9. Bh6 Nbd7 10. Bxg7 Kxg7 11. e3 Ne4 12. Nbd2 Nxd2 13. Qxd2 Nb6 14. Ne5 Bf5 15. a4 Be4 16. a5 Nd7 17. Bxe4 dxe4 18. Qb4 Nxe5 19. dxe5 Qc7 20. Qxe4 Rad8 21. h4 Rd5 22. e6 f6 23. a6 b6 24. f4 f5 25. Qb4 Qd6 26. Qc3+ Kg8 27. e4 Rd2 28. Qe3 Rd8 29. exf5 Qd5 30. Re2 Rxe2 31. Qxe2 Qxf5 32. Kg2 Rd6 33. Re1 Qd5+ 34. Qf3 Qd2+ 35. Re2 Qd5 36. h5 Kg7 37. hxg6 hxg6 38. g4 Qxf3+ 39. Kxf3 Kf6 40. Rh2 Kxe6 41. Ke3 Rd5 42. Rh6 Kf6 43. f5 Kg5 44. Rxg6+ Kh4 45. Ke4 Ra5 46. Kf4 Ra4+ 47. Ke5 Rxg4 48. Rh6+ Kg5 49. Rg6+ Kh4 50. Rxg4+ Kxg4 51. Ke6 Kf4 52. Kxe7 Kxf5 53. Kd6 c5 54. Kc6 Ke5 55. Kb7 Ke4 56. Kxa7 Ke3 57. Kxb6 Kd2 58. Kxc5 Kxc2 59. b4 Kb2 60. b5 Kb3 61. b6 Ka4 62. b7 Ka5 63. b8Q Kxa6 64. Qb6# 1-0

[Event "Valasska Bystrice op 11th"]
[Site "Valasska Bystrice"]
[Date "2019.09.12"]
[Round "7"]
[White "Kominek, Martin"]
[Black "Uhlir, Jiri"]
[Result "0-1"]
[WhiteElo "1507"]
[BlackElo "1865"]
[PlyCount "88"]
[EventDate "2019.09.07"]
[EventType "swiss"]
[EventRounds "9"]
[EventCountry "CZE"]
[SourceTitle "EXT 2020"]
[Source "ChessBase"]
[SourceDate "2019.10.17"]
[SourceVersion "1"]
[SourceVersionDate "2019.10.17"]
[SourceQuality "1"]

1. e4 c5 2. Nf3 d6 3. c3 Nf6 4. Bd3 Nc6 5. 0-0 g6 6. Bc2 Bg4 7. h3 Bxf3 8. Qxf3 Bg7 9. Rd1 Nd7 10. d3 Qc7 11. Na3 0-0 12. Nc4 Nce5 13. Nxe5 Nxe5 14. Qe2 Nc6 15. f4 e6 16. Rf1 Rae8 17. Qg4 f5 18. exf5 exf5 19. Qf3 Ne7 20. Ba4 Rd8 21. Re1 a6 22. Re6 Rf6 23. Rxf6 Bxf6 24. Be3 b5 25. Bc2 d5 26. Rc1 Qd6 27. Bb3 Kf8 28. d4 c4 29. Bc2 b4 30. Rb1 bxc3 31. bxc3 Qa3 32. Bc1 Qxa2 33. Rb2 Qa5 34. Qe3 Kf7 35. Rb4 Rd6 36. Ra4 Qb6 37. Ba3 Re6 38. Qf3 Qc6 39. Ra5 Qb6 40. Bb4 Nc6 41. Qxd5 Nxa5 42. Bxa5 Qb5 43. Qxb5 axb5 44. Kf2 Ra6 0-1

[Event "Valasska Bystrice op 11th"]
[Site "Valasska Bystrice"]
[Date "2019.09.09"]
[Round "4"]
[White "Jerabkova, Julia"]
[Black "Kominek, Martin"]
[Result "1-0"]
[WhiteElo "1704"]
[BlackElo "1507"]
[PlyCount "55"]
[EventDate "2019.09.07"]
[EventType "swiss"]
[EventRounds "9"]
[EventCountry "CZE"]
[SourceTitle "EXT 2020"]
[Source "ChessBase"]
[SourceDate "2019.10.17"]
[SourceVersion "1"]
[SourceVersionDate "2019.10.17"]
[SourceQuality "1"]

1. d4 d5 2. c4 e6 3. Nc3 Nf6 4. cxd5 exd5 5. Bg5 Be7 6. e3 h6 7. Bh4 0-0 8. Bd3 c6 9. Nge2 Ne4 10. Bxe7 Qxe7 11. Qc2 Bf5 12. 0-0 Nxc3 13. Bxf5 Nxe2+ 14. Qxe2 Nd7 15. Rab1 a5 16. a3 Nf6 17. Bd3 Ne4 18. Rfc1 f5 19. b4 axb4 20. axb4 Ra3 21. Bxe4 fxe4 22. b5 Rfa8 23. bxc6 bxc6 24. Rxc6 Rd3 25. h3 Raa3 26. Rcb6 Qa7 27. Rb7 Qa6 28. R1b6 1-0

[Event "Valasska Bystrice op"]
[Site "Valasska Bystrice"]
[Date "2017.09.10"]
[Round "2"]
[White "Glacner, Karel"]
[Black "Kominek, Martin"]
[Result "1-0"]
[WhiteElo "1538"]
[BlackElo "1701"]
[PlyCount "35"]
[EventDate "2017.09.09"]
[EventType "swiss"]
[EventRounds "9"]
[EventCountry "CZE"]
[SourceTitle "CBM 180 Extra"]
[Source "ChessBase"]
[SourceDate "2017.10.06"]
[SourceVersion "1"]
[SourceVersionDate "2017.10.06"]
[SourceQuality "1"]

1. e4 e5 2. d4 exd4 3. c3 Qe7 4. Bc4 Qxe4+ 5. Ne2 dxc3 6. Qb3 f6 7. Bxg8 c2 8. Qf7+ Kd8 9. Qxf8+ Qe8 10. Qxg7 Rxg8 11. Qxf6+ Qe7 12. Qxe7+ Kxe7 13. Na3 Rxg2 14. Nf4 Rg7 15. Nxc2 Nc6 16. Be3 Rf7 17. Nd5+ Kd8 18. Bg5+ 1-0

[Event "Valasska Bystrice op"]
[Site "Valasska Bystrice"]
[Date "2017.09.09"]
[Round "1"]
[White "Kominek, Martin"]
[Black "Zvolanek, Libor"]
[Result "0-1"]
[WhiteElo "1701"]
[BlackElo "2104"]
[PlyCount "44"]
[EventDate "2017.09.09"]
[EventType "swiss"]
[EventRounds "9"]
[EventCountry "CZE"]
[SourceTitle "CBM 180 Extra"]
[Source "ChessBase"]
[SourceDate "2017.10.06"]
[SourceVersion "1"]
[SourceVersionDate "2017.10.06"]
[SourceQuality "1"]

1. e4 d6 2. d4 Nf6 3. Nc3 g6 4. f3 Bg7 5. Bc4 c6 6. Be3 0-0 7. g4 d5 8. exd5 Nxd5 9. Nxd5 cxd5 10. Bb3 b5 11. Qd2 Nc6 12. c3 Re8 13. 0-0-0 Na5 14. Bh6 Bh8 15. h4 Nc4 16. Qh2 f6 17. Nh3 b4 18. h5 g5 19. Qe2 bxc3 20. bxc3 Qa5 21. Qd3 Qa3+ 22. Kc2 Qb2# 0-1

[Event "Valasska Bystrice op"]
[Site "Valasska Bystrice"]
[Date "2016.09.14"]
[Round "6"]
[White "Peterka, Josef"]
[Black "Kominek, Martin"]
[Result "1-0"]
[WhiteElo "1792"]
[BlackElo "1469"]
[PlyCount "43"]
[EventDate "2016.09.10"]
[EventType "swiss"]
[EventRounds "9"]
[EventCountry "CZE"]
[SourceTitle "CBM 174 Extra"]
[Source "ChessBase"]
[SourceDate "2016.10.10"]
[SourceVersion "1"]
[SourceVersionDate "2016.10.10"]
[SourceQuality "1"]

1. d4 d5 2. e3 Bf5 3. c4 Nf6 4. Qb3 Bc8 5. Nc3 e6 6. Nf3 c6 7. Bd3 Nbd7 8. 0-0 Be7 9. Re1 0-0 10. e4 dxe4 11. Nxe4 h6 12. Qc2 b6 13. b3 Bb7 14. Bb2 c5 15. Rad1 Qc7 16. dxc5 Bxe4 17. Bxe4 Nxe4 18. Qxe4 Nxc5 19. Qg4 f6 20. b4 h5 21. Qg6 Na4 22. Ng5 1-0